000 00499nam a2200181Ia 4500
008 120911t1996 xxu||||| |||| 00| 0 sin d
041 _asin
080 _a8 S 31 9809. 12)
_bDOS
100 _aDostoyevsky, Fyodor
245 _aඅසරණ මිනිස්සු
246 _aAsarana Minissu
260 _aDayawansa Jayakody
_aColombo
_c1996
300 _b178p, ill, 21 cm
700 _aSenanayaka, G. S. B.
_etr.
942 _cBK
999 _c39991
_d39991
003 LK-CoDNM
040 _aLK-CoDNM
_dLK-CoDNM
_eLK-CoDNM